My story : (Record no. 9999)
[ view plain ]
| 000 -LEADER | |
|---|---|
| fixed length control field | 00686nam a22002297a 4500 |
| 008 - FIXED-LENGTH DATA ELEMENTS--GENERAL INFORMATION | |
| fixed length control field | 221115b |||||||| |||| 00| 0 eng d |
| 017 ## - LEGAL DEPOSIT NUMBER | |
| Legal deposit number | 2022-6094 |
| 018 ## - LEGAL DEPOSIT YEAR | |
| LDD Year | 2022 |
| 020 ## - INTERNATIONAL STANDARD BOOK NUMBER | |
| ISBN | 9789789952564 |
| 040 ## - CATALOGING SOURCE | |
| Original cataloging agency | NLN |
| Language of cataloging | English |
| Description conventions | AACR2 |
| 100 ## - MAIN ENTRY--AUTHOR | |
| Author | ADEDEJI, Modupeola |
| 245 ## - TITLE STATEMENT | |
| Title | My story : |
| Remainder of title | his glory / |
| Statement of responsibility, etc | Modupeola Adedeji |
| 260 ## - PUBLICATION, DISTRIBUTION, ETC. (IMPRINT) | |
| Place of publication | Ibadan, Oyo state (No36, Gbadebo Street Mokola) : |
| Name of publisher | Tudis Books, |
| Date of publication | 2021 |
| 300 ## - COLLATION | |
| Pagination | xiii, 95p. : |
| Other physical details | col. ports. ; 20cm. |
| 563 ## - BINDING INFORMATION | |
| Binding note | (pbk) |
| 650 ## - TRACINGS | |
| Main Subject | Adedeji, Modupeola |
| 650 ## - TRACINGS | |
| Main Subject | Accountant |
| Subdivision (1st) | Nigeria |
| Subdivision (2nd) | Biography |
| 942 ## - ADDED ENTRY ELEMENTS (KOHA) | |
| Item type | Books |
| Suppress in OPAC | No |
| 050 ## - LIBRARY OF CONGRESS CALL NUMBER | |
| Classification number | DT515.83 |
| Item number | .A228 |
| 082 ## - DEWEY DECIMAL CLASSIFICATION NUMBER | |
| Classification number | 923 |
| Item number | .8669 |
| Source of classification or shelving scheme | Not for loan | Home library | Current library | Date acquired | Mode of acquisition | Accession No. | Full call number | Barcode. | Koha item type |
|---|---|---|---|---|---|---|---|---|---|
| Library of Congress Classification | AKURE BRANCH LIBRARY | National Library of Nigeria | 15/11/2022 | Legal deposit | 410159 | DT515.83 .A228 | 410159 | Books | |
| Library of Congress Classification | GOMBE BRANCH | National Library of Nigeria | 15/11/2022 | Legal deposit | 410158 | DT515.83 .A228 | 410158 | Books | |
| Library of Congress Classification | LAFIA BRANCH | National Library of Nigeria | 15/11/2022 | Legal deposit | 6094 | DT515.83 .A228 | 6094 | Books |
